00311pab a2200121 454500008004000000100001800040245003600058260000900094300001100103362001200114650002900126773003400155180718b1985 xxu||||| |||| 00| 0 eng d aChitale, M.P. aFiscal strategy left incomplete c1985 a728-33 a20 Apr. aFinance, Public - Policy aEconomic and Political Weekly